Birds of Hungary - Statistics

General Stats
  • This quiz has been taken 3 times
    2 since last reset
  • The average score is 10 of 16
Answer Stats
Picture Answer % Correct
Great Tit
100%
House Sparrow
100%
Nuthatch
100%
Starling
100%
Blackcap
50%
Black-Necked Grebe
50%
Goldfinch
50%
Goosander
50%
Great Spotted Woodpecker
50%
Green Woodpecker
50%
Hawfinch
50%
Hooded Crow
50%
Mallard
50%
Tree Sparrow
50%
Woodpigeon
50%
Feral Pigeon
0%
No matching quizzes found
Score Distribution
Percent of People with Each Score
Percentile by Number Answered
Your Score History
You have not taken this quiz since the last reset